Singapore civil society and British power

Bibliographic Details
Main Author: Gillis, E. Kay
Format: Book
Published: Singapore : Talisman Publishing , 2005
Subjects:

MARC

LEADER 00000cam a2200000 7i4500
001 0000019642
005 20080618.0
008 080618
020 |a 9810526946 
090 0 0 |a 959.57   |b GIL 
100 1 |a Gillis, E. Kay 
245 1 4 |a Singapore civil society and British power   |c Dr. E. Kay Gillis 
260 |a Singapore :   |b Talisman Publishing ,   |c 2005 
650 0 |a Civil society   |z Singapore 
650 0 |a Singapore   |x politics and government 
999 |a 0001024022   |b Book   |c Adult Collection   |e Perbadanan Perpustakaan Awam Johor